Vista normal Vista MARC

Entrada Topical Term

Número de registros utilizados en: 1

001 - CONTROL NUMBER

  • control field: 37807

003 - CONTROL NUMBER IDENTIFIER

  • control field: OSt

005 - DATE AND TIME OF LATEST TRANSACTION

  • control field: 20210524093954.0

008 - FIXED-LENGTH DATA ELEMENTS

  • fixed length control field: 210524|| aca||aabn | a|a d

040 ## - CATALOGING SOURCE

  • Original cataloging agency: OSt
  • Transcribing agency: OSt

150 ## - HEADING--TOPICAL TERM

  • Topical term or geographic name entry element: País en desarrollo

670 ## - SOURCE DATA FOUND

  • Source citation: Work cat.: (OSt)11790: Oficina Internacional del Trabajo 4401, Informe sobre el trabajo en el mundo 2000 : , 2000.